Fundamentals of investments : Valuation and management

The target market for this text is an introductory undergraduate course in which students have relatively little familiarity with investments and would like a practical and applied type of text. The approach of this undergraduate investments text reflects two central ideas: A consistent focus on the...

Disgrifiad llawn

Wedi'i Gadw mewn:
Manylion Llyfryddiaeth
Prif Awdur: Carrado, Charles J.
Fformat: Llyfr
Iaith:Undetermined
Cyhoeddwyd: Boston McGraw-Hill/Irwin 2005
Pynciau:
Tagiau: Ychwanegu Tag
Dim Tagiau, Byddwch y cyntaf i dagio'r cofnod hwn!
Thư viện lưu trữ: Trung tâm Học liệu Trường Đại học Cần Thơ
LEADER 01163nam a2200217Ia 4500
001 CTU_154540
008 210402s9999 xx 000 0 und d
020 |c 10 
082 |a 332.6 
082 |b C311 
100 |a Carrado, Charles J. 
245 0 |a Fundamentals of investments : 
245 0 |b Valuation and management 
245 0 |c Charles J. Corrado , Bradford D. Jordan 
260 |a Boston 
260 |b McGraw-Hill/Irwin 
260 |c 2005 
520 |a The target market for this text is an introductory undergraduate course in which students have relatively little familiarity with investments and would like a practical and applied type of text. The approach of this undergraduate investments text reflects two central ideas: A consistent focus on the student as an individual investor or investment advisor, a consistent, unified treatment of the four basic types of financial instruments stocks, bonds, options, and futures focusing on their characteristics and features, their risks and returns, and the markets in which they trade. 
650 |a Investments 
904 |i Bạch Trúc 
980 |a Trung tâm Học liệu Trường Đại học Cần Thơ